Food, nutrition and health /

Bibliographic Details
Main Author: McCollum, Elmer Verner, 1879-1967
Other Authors: Simmonds, Nina, 1893-
Format: Book
Language:English
Published: Baltimore Md. : The authors, [1928]
Edition:2d ed.,
Subjects:

MARC

Tag First Indicator Second Indicator Subfields
LEADER 00000cam a22000005 4500
001 in00000032677
005 20200328063741.0
008 781219s1928 mdu 00010 eng d
010 |a  29004432  
035 |a (OCoLC)04475509 
035 |9 AAD3228AM 
040 |a OKD  |c OKD  |d TXA  |d UtOrBLW 
049 |a TXAM  |c [39296] 
050 0 |a RM216  |b .M18 1928 
092 |a 613.2  |b M129f2 
100 1 |a McCollum, Elmer Verner,  |d 1879-1967. 
245 1 0 |a Food, nutrition and health /  |c by E. V. McCollum ... and Nina Simmonds ... 
250 |a 2d ed.,  |b rev. 
264 1 |a Baltimore Md. :  |b The authors,  |c [1928] 
300 |a vii, 148 pages ;  |c 20 cm. 
336 |a text  |b txt  |2 rdacontent 
337 |a unmediated  |b n  |2 rdamedia 
338 |a volume  |b nc  |2 rdacarrier 
650 0 |a Diet. 
650 0 |a Food. 
650 0 |a Nutrition. 
700 1 |a Simmonds, Nina,  |d 1893- 
999 |a MARS 
999 f f |s 2bd97bc0-c467-3135-aa43-8ee6f7a7afe9  |i e0aff8da-0433-323d-a218-cb010f3b74bb  |t 0 
952 f f |p ric  |a Texas A&M University  |b Rellis Campus  |c Joint Library Facility  |d Remote Storage  |t 0  |e RM216 .M18 1928  |h Library of Congress classification  |i unmediated -- volume  |m A14801028846 
998 f f |a RM216 .M18 1928  |t 0  |l Remote Storage